000 01001nam a22002177a 4500
003 NALT
005 20251125232843.0
008 s2510 th tha d
040 _aNALT
041 _atha
090 _aKA 102
_bส895ร 2510
100 0 _aเสถียร วิชัยลักษณ์
_945581
245 1 0 _aรวมประกาศของคณะปฏิวัติ ฉบับที่ 1 ถึงฉบับสุดท้าย พร้อมด้วยพระราชบัญญัติแก้ไขเพิ่มเติม /
_cเสถียร วิชัยลักษณ์.
260 _aพระนคร :
_bนีติเวชช์,
_c2510.
300 _a91 หน้า ;
_b26 ซม.
650 4 _aประกาศคณะปฏิวัติ
_945580
850 _aNALT
856 4 0 _uhttps://hdl.handle.net/20.500.14156/446716
942 _cREF
_2local
999 _c15878
_d15878
998 _j104
_k นางสาวสายฝน ดีงาม